| 000 | 01073nac a22001931u 4500 | ||
|---|---|---|---|
| 008 | 101111s1964xxu||||| ||| 00| 00| 0 ara | ||
| 082 |
_a370.3 _bد ي و |
||
| 100 | 1 |
_aديوى ، جون _913681 |
|
| 245 |
_aقاموس جون ديوى للتربية : _bمختارات من مؤلفاته / _cجون ديوى ؛ جمعها رالف ن. وين ؛ ترجمة وتقديم محمد على العريان |
||
| 260 |
_aالقاهرة : _bمكتبة الأنجلو المصرية ،1964 _c1964. |
||
| 300 |
_a229 ص ؛ _c24 سم. |
||
| 500 | _aترجمة لكتاب "Dictionary of Education/ John Dewey; edited by Ralph B. Winn. | ||
| 511 | _aCatalogued by: Sara | ||
| 650 |
_aالتربية _921186 _vمعاجم |
||
| 700 |
_aوين، رالف ن _921188 _eتجميع |
||
| 700 |
_aالعريان ، محمد على _921189 _eترجمة وتقديم |
||
| 942 |
_cBB _k370.3 د ي و _2ddc |
||
| 999 |
_c6787 _d6787 |
||